Návod k použití více vzorků v různém čase

Nástroje finančnej analýzy. Výpočet ukazovateľov analýzy. Postup pri vyhodnocovaní výsledkov.

Enregistré dans:
Détails bibliographiques
Auteur principal: Doucha, Rudolf
Format: Livre
Langue:tchèque
Sujets:
Tags: Ajouter un tag
Pas de tags, Soyez le premier à ajouter un tag!

MARC

LEADER 00000nam a2200000 4500
001 r031867
005 20230920094950.6
041 0 |a cze 
044 |a CZ 
245 1 0 |a Návod k použití více vzorků v různém čase  |c Rudolf Doucha 
520 |a Nástroje finančnej analýzy. Výpočet ukazovateľov analýzy. Postup pri vyhodnocovaní výsledkov. 
610 2 0 |a analýza finančná 
610 2 0 |a hospodárenie finančné 
610 2 0 |a ukazovatele finančné 
100 1 |a Doucha, Rudolf